Statistics for NBA Players By Letter - H

Click here to take the quiz!

General Stats

  • This quiz has been taken 57 times
  • The average score is 24 of 38

Answer Stats

First Name Surname Team % Correct
GordonHaywardUtah Jazz
96%
DwightHowardAtlanta Hawks
93%
JrueHolidayNew Orleans Pelicans
93%
DevinHarrisDallas Mavericks
91%
AlHorfordBoston Celtics
89%
JamesHardenHouston Rockets
83%
UdonisHaslemMiami Heat
80%
GeorgeHillUtah Jazz
80%
BuddyHieldNew Orleans Pelicans
78%
RodneyHoodUtah Jazz
74%
KrisHumphriesAtlanta Hawks
67%
TimHardaway Jr.Atlanta Hawks
65%
RoyHibbertCharlotte Hornets
63%
RondaeHollis-JeffersonBrooklyn Nets
63%
SpencerHawesCharlotte Hornets
59%
JohnHensonMilwaukee Bucks
54%
MauriceHarklessPortland Trail Blazers
54%
GeraldHendersonPhiladelphia 76ers
52%
JuanchoHernangomezDenver Nuggets
50%
MontrezlHarrellHouston Rockets
50%
MarceloHuertasLos Angeles Lakers
48%
RJHunterChicago Bulls
46%
AaronHarrisonCharlotte Hornets
43%
RichaunHolmesPhiladelphia 76ers
43%
MarioHezonjaOrlando Magic
35%
JustinHamiltonBrooklyn Nets
22%
DanuelHouseWashington Wizards
20%
DarrunHilliardDetroit Pistons
15%
AJHammonsDallas Mavericks
15%
JoshHuestisOklahoma City Thunder
11%

Score Distribution

Percentile by Number Answered

Percent of People with Each Score

Your Score History

You have not taken this quiz